[Event "IECC O email"]
[Site "IECC email"]
[Date "2003.04.16"]
[Round "?"]
[White "Buford, Tiger"]
[Black "Lima, Omega"]
[Result "0-1"]
[WhiteElo "1057"]
[BlackElo "1133"]
[PlyCount "66"]
[EventDate "2003.??.??"]
[EventType "tourn (corr)"]
[EventRounds "6"]
[SourceTitle "Corr 2008"]
[Source "ChessBase"]
[SourceDate "2008.06.24"]
[SourceVersion "1"]
[SourceVersionDate "2008.06.24"]
[SourceQuality "1"]

1. e4 e5 2. Bc4 Nf6 3. d4 exd4 4. Nf3 Nxe4 5. 0-0 Nc6 6. Re1 f5 7. Nxd4 d5 8. Bb5 Bc5 9. Nxc6 Bxf2+ 10. Kh1 Qd6 11. Ne5+ Kf8 12. Rxe4 dxe4 13. Nd7+ Kf7 14. Qxd6 cxd6 15. Bg5 a6 16. Bc4+ Kg6 17. Ne5+ dxe5 18. Be7 b5 19. Be2 Ra7 20. Bb4 Rd8 21. Nc3 Rd2 22. Rf1 Bb6 23. Na4 Rxe2 24. Nxb6 Rxc2 25. Nxc8 Rxc8 26. Bc3 Rc5 27. a3 e3 28. g3 Rd5 29. Kg2 Rad7 30. Kf3 Rd3 31. Bxe5 Re7 32. Kf4 Rd2 33. Kxe3 Rd5 0-1

[Event "IECC M email"]
[Site "IECC email"]
[Date "2003.04.08"]
[Round "?"]
[White "Lima, Omega"]
[Black "Drozdz, Andrzej"]
[Result "1-0"]
[WhiteElo "1118"]
[BlackElo "1109"]
[PlyCount "67"]
[EventDate "2003.??.??"]
[EventType "tourn (corr)"]
[EventRounds "6"]
[SourceTitle "Corr 2008"]
[Source "ChessBase"]
[SourceDate "2008.06.24"]
[SourceVersion "1"]
[SourceVersionDate "2008.06.24"]
[SourceQuality "1"]

1. e4 Nf6 2. Nc3 d5 3. e5 Nfd7 4. Bb5 c6 5. Ba4 Nxe5 6. Qh5 b5 7. Qxe5 f6 8. Qh5+ g6 9. Qh4 bxa4 10. Qxa4 Bd7 11. Nf3 c5 12. Qf4 g5 13. Qg3 Bf5 14. h4 g4 15. Nh2 d4 16. Nb5 e5 17. Nxg4 Na6 18. 0-0 Bd7 19. a4 h5 20. Nxe5 Bg4 21. Nxg4 hxg4 22. Qxg4 Qd5 23. Re1+ Kf7 24. d3 Rg8 25. Qh3 Re8 26. Rxe8 Kxe8 27. g3 f5 28. Bf4 Kf7 29. Re1 Kg6 30. Re5 Qd7 31. Nxa7 Bd6 32. Rd5 Qf7 33. Rxd6+ Kh5 34. Rh6# 1-0